000 00310nam a22001457a 4500
008 211011b ||||| |||| 00| 0 eng d
020 _a9780312400286
041 _aeng
080 _a371
082 _a371
100 _a46
101 _aEDU
245 _aThe Writer's Presence
_cMcQuade,D
942 _2udc
_cBK
999 _c58136
_d58136